000
00287nam a2200109Ia 4500
008
220204s9999 xx 000 0 und d
082
_a
658.5
_b
PRO
245
0
_a
Production management. Pt 1,2 and 3
260
_a
USA
_b
Harward College
_c
1958
650
_a
Production management
942
_c
BK
999
_c
37295
_d
37295